ბათუმის შოთა რუსთაველის სახელმწიფო უნივერსიტეტის ბიბლიოთეკა

კონსტანტინე კაპანელის ფილოსოფია / (ბიბ.ჩანაწერი № 55757)

000 -ლიდერი
ფიქსირებული სიგრძის საკონტროლო ველი 01650nam a2200301Ia 4500
001 - საკონტროლო ნომერი
საკონტროლო ველი 22854
003 - საკონტროლო ნომრის იდენტიფიკატორი
საკონტროლო ველი GE_BSU
005 - ბოლო ოპერაციის თარიღი და დრო
საკონტროლო ველი 20250124165539.0
008 - ფიქსირებული სიგრძის მონაცემთა ელემენტები - ზოგადი ინფორმაცია
ფიქსირებული სიგრძის საკონტროლო ველი 181216s ||||ge |||||||||||||| ||geo||
040 ## - კატალოგიზაციის წყარო
Transcribing agency GE_BSU
041 ## - ენის კოდი
Language code of text/sound track or separate title geo
080 ## - უნივერსალური ათობითი კლასიფიკაციის ინდექსი
Universal Decimal Classification number 1(479.22)(092) ბ 13
100 ## - მთავარი ჩანაწერი - პიროვნების სახელი
Personal name ბაგრატიონი, ირმა
9 (RLIN) 18260
245 ## - ცნობა სათაურის შესახებ
Title კონსტანტინე კაპანელის ფილოსოფია /
Statement of responsibility, etc ირმა ბაგრატიონი ; რედ. გული შერვაშიძე, ანასტასია ზაქარიაძე.
250 ## - გამოცემის ცნობა
Edition statement მე-3 შესწორებული გამოცემა
264 ## - წარმოების, გამოცემის, დისტრიბუციის და სხვა ცნობები
გამოცემის, წარმოების, დისტრიბუციის... ადგილი ბათუმი :
გამოცემის, წარმოების, დისტრიბუციის... სახელწოდება ბათუმის შოთა რუსთაველის სახელმწ. უნ-ტის გამ-ბა,
გამოცემის, წარმოების, დისტრიბუციის... თარიღი 2018.
300 ## - ფიზიკური აღწერა
Extent 376 გვ. ;
Dimensions 20 სმ.
500 ## - ზოგადი შენიშვნა
General note პარალელური თავფურცელი ინგლისურ და რუსულ ენებზე
504 ## - BIBLIOGRAPHY, ETC. NOTE
Bibliography, etc ბიბლიოგრ. : გვ. 370-376
653 ## - INDEX TERM--UNCONTROLLED
Uncontrolled term კაპანელი, კონსტანტინე.
653 ## - INDEX TERM--UNCONTROLLED
Uncontrolled term კონსტანტინე კაპანელის ფილოსოფია
653 ## - INDEX TERM--UNCONTROLLED
Uncontrolled term ფილოსოფია
653 ## - INDEX TERM--UNCONTROLLED
Uncontrolled term ქართველი ფილოსოფოსები.
700 ## - ADDED ENTRY--PERSONAL NAME
Personal name შერვაშიძე, გული
Relator term რედაქტორი
9 (RLIN) 18261
700 ## - ADDED ENTRY--PERSONAL NAME
Personal name ზაქარიაძე, ანასტასია
Relator term რედაქტორი
9 (RLIN) 18262
942 ## - ADDED ENTRY ELEMENTS (KOHA)
Koha item type წიგნი
Source of classification or shelving scheme
ეგზემპლარები
ჩამოწერის სტატუსი დაკარგული ეგზემპლარის სტატუსი კლასიფიკაციის წყარო ან თაროზე გაწყობის სქემა დაზიანების სტატუსი არ გაიცემა მუდმივი მდებარეობა (დაცვის ადგილი) ამჟამინდელი ადგილსამყოფელი თაროზე განთავსების ადგილი შეძენის თარიღი ღირებულება, შესყიდვის ნორმალური ფასი სრული შენახვის შიფრი შტრიხკოდი ბოლო ოპერაციის თარიღი ეგზემპლარის მიმდევრობითი ნომერი (კეტერი?) ფასის ძალაში შესვლის თარიღი ეგზემპლარის სახეობა საჯარო შენიშვნა Uniform Resource Identifier
          ბათუმის შოთა რუსთაველის სახელმწიფო უნივერსიტეტის მთავარი ბიბლიოთეკა ბათუმის შოთა რუსთაველის სახელმწიფო უნივერსიტეტის მთავარი ბიბლიოთეკა წიგნსაცავი 2018-12-17 17.77 1(479.22)(092) ბ 13 58331 2018-12-17 58331 2018-12-17 წიგნი 17.77 ₾.  
          ბათუმის შოთა რუსთაველის სახელმწიფო უნივერსიტეტის მთავარი ბიბლიოთეკა ბათუმის შოთა რუსთაველის სახელმწიფო უნივერსიტეტის მთავარი ბიბლიოთეკა წიგნსაცავი 2018-12-17 17.77 1(479.22)(092) ბ 13 58332 2018-12-17 58332 2018-12-17 წიგნი 17.77 ₾.  
          ბათუმის შოთა რუსთაველის სახელმწიფო უნივერსიტეტის მთავარი ბიბლიოთეკა ბათუმის შოთა რუსთაველის სახელმწიფო უნივერსიტეტის მთავარი ბიბლიოთეკა წიგნსაცავი 2018-12-17 17.77 1(479.22)(092) ბ 13 58333 2018-12-17 58333 2018-12-17 წიგნი 17.77 ₾.  
          ბათუმის შოთა რუსთაველის სახელმწიფო უნივერსიტეტის მთავარი ბიბლიოთეკა ბათუმის შოთა რუსთაველის სახელმწიფო უნივერსიტეტის მთავარი ბიბლიოთეკა წიგნსაცავი 2018-12-17 17.77 1(479.22)(092) ბ 13 58334 2018-12-17 58334 2018-12-17 წიგნი 17.77 ₾.  
          ბათუმის შოთა რუსთაველის სახელმწიფო უნივერსიტეტის მთავარი ბიბლიოთეკა ბათუმის შოთა რუსთაველის სახელმწიფო უნივერსიტეტის მთავარი ბიბლიოთეკა წიგნსაცავი 2025-01-24 15.00 1(479.22)(092) ბ 13 70407 2025-01-24 70407 2025-01-24 წიგნი 15.00 ნაჩუქარი